| 000 | 00962nam a2200205 i 4500 | ||
|---|---|---|---|
| 001 | 184811 | ||
| 003 | ES-MaACL | ||
| 005 | 20251003180409.0 | ||
| 008 | 160120s2007 sp |||| |bspa d | ||
| 080 | _a929 Liaño, Álvaro Agustín de | ||
| 100 | 1 |
_aVilar, Juan Bautista, _d1941-2018 _9114797 |
|
| 245 | 1 | 3 |
_aEl largo exilio en Alemania y Suiza (1814-1848) del bibliófilo y crítico literario Álvaro Agustín de Liaño, emigrado liberal y disidente religioso / _cJuan B. Vilar. |
| 260 |
_aMurcia : _bEditum. |
||
| 300 |
_aP. 423-432 ; _c24 cm. |
||
| 504 | _aReferencias bibliográficas. | ||
| 595 | _aSeparata de: Historia y sociabilidad : homenaje a la profesora María del Carmen Melendreras Gimeno / Juan B. Vilar, Antonio Peñafiel Ramón, Antonio Irigoyen López (coords.) | ||
| 600 | 1 | 7 |
_aLiaño, Alvaro Augustin de, _d1782-1848 _2 _9158529 |
| 852 |
_aES-MaACL _j2139-F-18 _z. - Dedicatoria autógrafa del autor |
||
| 999 |
_c184811 _d184811 |
||